LEADER 01027nam a2200241 u 4500 001 000000010377 003 CaOOAMICUS 005 20070226105318.0 008 941017s1961 it u000 u ita u 035 $a10257698 040 $aMSA$bita 100 1 $aPagliaro, Antonino,$d1898-1973.$0(OLS)http://pul/name/10023 245 10$aAltri saggi di critica semantica. 260 $aFirenze ;$aMessina :$bG. D'Anna,$c[1961] 300 $aviii, 474 p. ;$c23 cm 490 1 $aBiblioteca di cultura contemporanea ;$v72 650 4$aSemantica linguistica.$0(OLS)http://pul/subject/8270 830 0$aBiblioteca di cultura contemporanea (Casa editrice G. D'Anna) ;$v72.$0(OLS)http://pul/title/14876 850 $aPUL 852 $aPUL$W1$xDP1 Fondo Cecchetti$y53$m294 H 19$j14762$nBK-PRI$b $qFondi$B14762$CPULBib$Z2$F14762 $HPUL3845 $81 941 1 $a1 996 $6245$aAltri saggi di critica semantica$9(OLS)http://pul/title/15168 996 $6260$aFirenze ;$aMessina :$bG. D'Anna$9(OLS)http://pul/publisher/52854 LEADER 01318nam a2200325 a 4500 001 000000166716 003 CaOOAMICUS 005 20180315092217.0 008 180315s2017 it a u000 u ita r 020 $a978-88-7075-951-8* 032 $aLibriCat 040 $aPUL$bita 082 04$a103 100 1 $aAngelini, Annarita.$0(OLS)http://pul/name/107540 245 10$aMatematica e immaginazione nel Rinascimento / $cAnnarita Angelini. 260 $aMilano :$bBibliografica,$cİ2017. 300 $a200 p. :$bill. ;$c20 cm. 490 1 $aStorie della scienza 504 $aComprende indicazioni bibliografiche. 650 4$aMatematica$xFilosofia.$0(OLS)http://pul/subject/20379 650 4$aRinascimento$xCultura.$0(OLS)http://pul/subject/12100 830 0$aStorie della scienza.$0(OLS)http://pul/title/206468 850 $aPUL 852 $aPUL$W1$xSL Filosofia 3$y81$m103 COLL 16.1$j191182$qDDC 21$B194161$CPULBib$Z2$F194161 $H130653 $81 941 1 $a9 996 $6020$a978-88-7075-951-8*$9(OLS)http://pul/number/163690 996 $6082$a103$9(OLS)http://pul/classification/621 996 $6245$aMatematica e immaginazione nel Rinascimento / $9(OLS)http://pul/title/206467 996 $6260$aMilano :$bBibliografica$9(OLS)http://pul/publisher/64929